Полярографическое определение микроколичеств титана в люминофоре Л-34; Известия Томского политехнического института [Известия ТПИ]; Т. 215 : Неорганическая химия

Podrobná bibliografie
Parent link:Известия Томского политехнического института [Известия ТПИ]/ Томский политехнический институт (ТПИ).— , 1944-1976
Т. 215 : Неорганическая химия.— 1974.— [С. 16-19]
Hlavní autor: Карбаинов Ю. А. Юрий Александрович
Další autoři: Троценко Н. К., Воюш С. Н.
Shrnutí:Заглавие с титульного листа
Электронная версия печатной публикации
Jazyk:ruština
Vydáno: 1974
Témata:
On-line přístup:Черно-белая версия для предварительного просмотра
Цветная версия без потери качества
Médium: MixedMaterials Elektronický zdroj Kapitola
KOHA link:https://koha.lib.tpu.ru/cgi-bin/koha/opac-detail.pl?biblionumber=225336

MARC

LEADER 00000nla2a2200000 4500
001 225336
005 20231031200927.0
035 |a (RuTPU)RU\TPU\book\245678 
035 |a RU\TPU\book\245675 
090 |a 225336 
100 |a 20121109d1974 k y0rusy50 ca 
101 0 |a rus 
102 |a RU 
135 |a drnn ---uucaa 
181 0 |a i  
182 0 |a b 
200 1 |a Полярографическое определение микроколичеств титана в люминофоре Л-34  |b Электронный ресурс  |f Ю. А. Карбаинов, Н. К. Троценко, С. Н. Воюш 
203 |a Текст  |c электронный 
215 |a 2 файла (203 Кб, 5.7 Мб) 
230 |a Электронные текстовые данные (2 файла : 203 Кб, 5.7 Мб) 
300 |a Заглавие с титульного листа 
300 |a Электронная версия печатной публикации 
320 |a [Библиогр.: с. 19 (10 назв.)] 
337 |a Adobe Reader 
461 1 |0 (RuTPU)RU\TPU\book\200995  |t Известия Томского политехнического института [Известия ТПИ]  |f Томский политехнический институт (ТПИ)  |d 1944-1976 
463 1 |0 (RuTPU)RU\TPU\book\245658  |t Т. 215 : Неорганическая химия  |v [С. 16-19]  |d 1974  |p 120 с. 
610 1 |a электронный ресурс 
610 1 |a труды учёных ТПУ 
700 1 |a Карбаинов  |b Ю. А.  |c российский электрохимик и электроаналитик  |c профессор Томского политехнического университета  |f 1940-2007  |g Юрий Александрович  |2 stltpush  |3 (RuTPU)RU\TPU\pers\15852 
701 1 |a Троценко  |b Н. К. 
701 1 |a Воюш  |b С. Н. 
801 1 |a RU  |b 63413507  |c 20090320  |g PSBO 
801 2 |a RU  |b 63413507  |c 20130208  |g PSBO 
856 4 |u http://www.lib.tpu.ru/fulltext/v/Bulletin_TPU/1974/v215/06_bw.pdf  |z Черно-белая версия для предварительного просмотра 
856 4 |u http://www.lib.tpu.ru/fulltext/v/Bulletin_TPU/1974/v215/06_full.pdf  |z Цветная версия без потери качества 
942 |c CF